Intermediate electricity, (Record no. 544415)
[ view plain ]
| 000 -LEADER | |
|---|---|
| fixed length control field | 00640nam a22001691 4500 |
| 082 00 - DEWEY DECIMAL CLASSIFICATION NUMBER | |
| Classification number | 537 |
| Author Mark | HUT |
| -- | L-6,P-1 |
| 100 1# - MAIN ENTRY--PERSONAL NAME | |
| Personal name | Hutchinson, Robert W. |
| 9 (RLIN) | 39894 |
| 245 10 - TITLE STATEMENT | |
| Title | Intermediate electricity, |
| Statement of responsibility, etc. | by Robert W. Hutchinson ... |
| 260 ## - PUBLICATION, DISTRIBUTION, ETC. | |
| Place of publication, distribution, etc. | London, |
| Name of publisher, distributor, etc. | University tutorial press ld. |
| Date of publication, distribution, etc. | [1941] |
| 300 ## - PHYSICAL DESCRIPTION | |
| Extent | viii, 628 p. incl. front., illus. (incl. ports.) diagrs. |
| Dimensions | 22 cm. |
| 500 ## - GENERAL NOTE | |
| General note | "The present book ... is intended to replace Intermediate textbook of electricity and magnetism."--Pref. |
| 526 ## - STUDY PROGRAM INFORMATION NOTE | |
| Program name | 0 |
| Interest level | 0 |
| Reading level | 0 |
| Title point value | 537_000000000000000_HUT |
| 650 #0 - SUBJECT ADDED ENTRY--TOPICAL TERM | |
| Topical term or geographic name entry element | Electricity. |
| 9 (RLIN) | 39895 |
| 650 #0 - SUBJECT ADDED ENTRY--TOPICAL TERM | |
| Topical term or geographic name entry element | Magnetism. |
| 9 (RLIN) | 39896 |
| 650 #0 - SUBJECT ADDED ENTRY--TOPICAL TERM | |
| Topical term or geographic name entry element | MCE |
| 9 (RLIN) | 379 |
| 942 ## - ADDED ENTRY ELEMENTS (KOHA) | |
| Source of classification or shelving scheme | |
| Koha item type | Book |
| Withdrawn status | Lost status | Source of classification or shelving scheme | Damaged status | Not for loan | Permanent Location | Current Location | Date acquired | Total Checkouts | Full call number | Barcode | Date last seen | Price effective from | Koha item type |
|---|---|---|---|---|---|---|---|---|---|---|---|---|---|
| Military College of Engineering (MCE) | Military College of Engineering (MCE) | 04/17/2014 | 537 HUT | MCE-40628 | 04/17/2014 | 04/17/2014 | Book |
